Statistics for Countries Producing the Most Tea

Click here to take the quiz!

General Stats

  • This quiz has been taken 523 times
  • The average score is 12 of 20

Answer Stats

1000 tonnescountry% Correct
2402China
98%
1252India
98%
80Japan
85%
144Indonesia
84%
53Thailand
84%
240Vietnam
84%
65Bangladesh
72%
102Myanmar
72%
75Iran
70%
349Sri Lanka
64%
243Turkey
60%
473Kenya
49%
37Tanzania
43%
90Argentina
41%
63Uganda
34%
33Mozambique
29%
26Rwanda
26%
53Burundi
21%
48Malawi
20%
25Zimbabwe
19%

Score Distribution

Percentile by Number Answered

Percent of People with Each Score

Your Score History

You have not taken this quiz